[Event "GER Pfingstopen U12"]
[Site "Playchess.com INT"]
[Date "2020.06.02"]
[Round "2"]
[White "Gerhardt, Paul"]
[Black "Cilo, Seyyid"]
[Result "1-0"]
[WhiteElo "1620"]
[BlackElo "1620"]
[PlyCount "97"]
[EventDate "2020.06.02"]
[EventType "swiss (blitz)"]
[EventRounds "11"]
[EventCountry "GER"]
[SourceTitle "CBM 197 Extra"]
[Source "ChessBase"]
[SourceDate "2020.09.30"]
[SourceVersion "1"]
[SourceVersionDate "2020.09.30"]
[SourceQuality "1"]

1. e4 e5 2. Nf3 Nc6 3. Bb5 d6 4. Nc3 a6 5. Bxc6+ bxc6 6. d4 exd4 7. Nxd4 Bd7 8. 0-0 c5 9. Nf3 Nf6 10. Bg5 Bg4 11. Nd5 Be7 12. Nxe7 Qxe7 13. Re1 0-0 14. Bxf6 Qxf6 15. h3 Be6 16. Qd3 Qxb2 17. Rf1 c4 18. Qd2 Qf6 19. Rfe1 c3 20. Qd3 Rfd8 21. Re3 Qg6 22. Kh1 d5 23. exd5 Qxd3 24. Rxd3 Rxd5 25. Rxc3 Rd2 26. Rxc7 Rxf2 27. Nd4 Rc8 28. Rxc8+ Bxc8 29. Rb1 h6 30. Rb8 Kh7 31. Rxc8 Rd2 32. Rd8 Rd1+ 33. Kh2 Ra1 34. c4 Rxa2 35. c5 Rc2 36. c6 Rc4 37. Rd7 a5 38. c7 a4 39. Nb5 a3 40. Nxa3 Rc5 41. Nb5 Rxb5 42. c8Q Rf5 43. Qf8 Kg6 44. g4 Rf6 45. h4 Rf2+ 46. Kg3 Rf6 47. h5+ Kg5 48. Rxf7 Re6 49. Rf5# 1-0